000
00317nam a2200145Ia 4500
100
_a
Murray/W.H/ Pappas/C.H
250
_a
2
942
_c
BK
654
_a
Computer
245
_a
Visuals C++ Handbook
260
_b
Tata Mc Graw hill
_a
New Delhi
_c
1997
082
_a
5.132
_b
MUR
300
_a
1096
546
_a
ENGLISH
999
_c
20470
_d
20470